Năng lượng mới số 10
Nội dung số này trình bày: tập thể đoàn kết, thống nhât mới vượt qua được hành trính chông gai; PVN góp mặt 3 công ty niêm yết tốt nhất việt nam 2020; đảng bộ cơ quan tập đoàn dầu khí việt nam phát huy vai trò lãnh đạo hạt nhân; vững vàng...
Uloženo v:
| Médium: | Kniha |
|---|---|
| Jazyk: | Vietnamese |
| Vydáno: |
H.
Hội dầu khí Việt Nam
2020
|
| Témata: | |
| Tagy: |
Přidat tag
Žádné tagy, Buďte první, kdo otaguje tento záznam!
|
| Thư viện lưu trữ: | Thư viện Trường Đại học Nam Cần Thơ |
|---|
| LEADER | 01211nam a22002177a 4500 | ||
|---|---|---|---|
| 001 | NCT_113654 | ||
| 008 | 220304b xxu||||| |||| 00| 0 vie d | ||
| 999 | |c 5788 |d 5788 | ||
| 041 | 0 | |a vie | |
| 082 | 0 | 4 | |2 23rd ed. |a 333.79 |b N116L |
| 245 | 0 | 0 | |a Năng lượng mới |n số 10 |c Hội dầu khí Việt Nam |
| 260 | |a H. |b Hội dầu khí Việt Nam |c 2020 | ||
| 300 | |c 28cm | ||
| 310 | |a Phát hành thứ ba hàng tuần | ||
| 362 | |a 09/06/2020 | ||
| 520 | 3 | |a Nội dung số này trình bày: tập thể đoàn kết, thống nhât mới vượt qua được hành trính chông gai; PVN góp mặt 3 công ty niêm yết tốt nhất việt nam 2020; đảng bộ cơ quan tập đoàn dầu khí việt nam phát huy vai trò lãnh đạo hạt nhân; vững vàng trong gian khó, bản lĩnh trước thử thách;... | |
| 653 | |a Công nghệ kỹ thuật ô tô | ||
| 655 | |a Tạp chí | ||
| 942 | |2 ddc |c CR | ||
| 952 | |0 0 |1 0 |2 ddc |4 0 |6 333_790000000000000_N116L |7 0 |9 23297 |a 000001 |b 000001 |d 2022-04-26 |o 333.79 N116L |r 2022-04-26 |w 2022-04-26 |y CR | ||
| 980 | |a Thư viện Trường Đại học Nam Cần Thơ | ||